000 00538nam a22001577a 4500
005 20250412161309.0
008 250412b |||||||| |||| 00| 0 eng d
020 _a9788121929370
050 _aG2857 MIS
100 _aMishra D. D.
245 _aFundamental concepts in Environmental Studies:
_bAs per UGC model Curriculum for Undergraduate Classes(all streams) of all Indian Universities/
_cD. D. Mishra
260 _aNew Delhi
_bS. Chand & Company Ltd.
_c2008
300 _a248p.
_bill.
_c22 cm
650 _2Geography
942 _2lcc
_cBK
_n0
999 _c5450
_d5450